Normal view
MARC view
- Foster, Michelle,
Entry Personal Name
001 - CONTROL NUMBER
- control field: 94358
003 - CONTROL NUMBER IDENTIFIER
- control field: NUST
005 - DATE AND TIME OF LATEST TRANSACTION
- control field: 20220721123430.0
008 - FIXED-LENGTH DATA ELEMENTS
- fixed length control field: 220721|| aca||aabn | a|a d
040 ## - CATALOGING SOURCE
- Original cataloging agency: NUST
- Transcribing agency: NUST
100 ## - HEADING--PERSONAL NAME
- Personal name: Foster, Michelle,
- Dates associated with a name: 1972-
670 ## - SOURCE DATA FOUND
- Source citation: Work cat.: (NUST)0: Foster, Michelle, 1972-, International refugee law and socio-economic rights :, 2009.
